书目信息 |
| 题名: |
勒·柯布西耶与学生的对话
|
|
| 作者: | 柯布西耶基金会 编 | |
| 分册: | ||
| 出版信息: | 北京 中国建筑工业出版社 2003.09 |
|
| 页数: | 169页 | |
| 开本: | 20cm | |
| 丛书名: | ||
| 单 册: | ||
| 中图分类: | TU201 | |
| 科图分类: | ||
| 主题词: | 建筑设计 | |
| 电子资源: | ||
| ISBN: | 7-112-05919-4 | |
| 000 | 00616nam0 2200193 45 | |
| 001 | 0336509392 | |
| 005 | 20041126093936.38 | |
| 010 | @a7-112-05919-4@dCNY 20.00 | |
| 100 | @a20030902d2003 km y0chiy0120 ea | |
| 101 | 0 | @achi |
| 102 | @aCN@b110000 | |
| 200 | 1 | @a勒·柯布西耶与学生的对话@ALe·Ke Bu Xi Ye Yu Xue Sheng De Dui Hua@f(法)柯布西耶基金会编@F(fa)ke bu xi ye ji jin hui bian |
| 210 | @a北京@c中国建筑工业出版社@d2003.09 | |
| 215 | @a169页@d20cm | |
| 606 | 0 | @a建筑设计 |
| 690 | @aTU201@v3 | |
| 701 | 0 | @a柯布西耶基金会@Ake bu xi ye ji jin hui@4编 |
| 801 | 0 | @aCN@bPFT@c20041126 |
| 905 | @a安徽大学@dTU201@eK340 | |
| 勒·柯布西耶与学生的对话/(法)柯布西耶基金会编.-北京:中国建筑工业出版社,2003.09 |
| 169页;20cm |
| ISBN 7-112-05919-4:CNY 20.00 |
| ● |
| 相关链接 |
|
|
|
正题名:勒·柯布西耶与学生的对话
索取号:TU201/K340
 
预约/预借
| 序号 | 登录号 | 条形码 | 馆藏地/架位号 | 状态 | 备注 |
| 1 | 391797 | 203917976 | 建筑库101/101建筑库 32排4列1层/ [索取号:TU201/K340] | 在馆 | |
| 2 | 391798 | 203917985 | 建筑库101/101建筑库 32排4列1层/ [索取号:TU201/K340] | 在馆 | |
| 3 | 391799 | 203917994 | 建筑库101/101建筑库 32排4列1层/ [索取号:TU201/K340] | 在馆 | |
| 4 | 427167 | 204271670 | 建筑库101/101建筑库 32排4列1层/ [索取号:TU201/K340] | 在馆 | |
| 5 | 427168 | 204271689 | 建筑库101/101建筑库 32排4列1层/ [索取号:TU201/K340] | 在馆 | |
| 6 | 427169 | 204271698 | 自科二线404/404自科库 20排2列1层/ [索取号:TU201/K340] | 在馆 |